[Event "Spakenburg FishPartners op"]
[Site "Spakenburg"]
[Date "2023.07.08"]
[Round "6"]
[White "Heij, Jacco"]
[Black "Van der Hagen, Loek"]
[Result "0-1"]
[WhiteElo "1948"]
[BlackElo "2269"]
[PlyCount "66"]
[EventDate "2023.07.08"]
[EventType "swiss (rapid)"]
[EventRounds "7"]
[EventCountry "NED"]
[SourceTitle "CBM 215 Extra"]
[Source "ChessBase"]
[SourceDate "2023.09.30"]
[SourceVersion "1"]
[SourceVersionDate "2023.09.30"]
[SourceQuality "1"]

1. d4 Nf6 2. c4 g6 3. Nf3 Bg7 4. Nc3 d6 5. e4 0-0 6. Be2 e5 7. 0-0 Nc6 8. d5 Ne7 9. Ne1 Nd7 10. Be3 f5 11. f3 f4 12. Bf2 g5 13. Rc1 Ng6 14. c5 Nf6 15. cxd6 cxd6 16. Nb5 Rf7 17. Qc2 Ne8 18. Nxa7 Bd7 19. Nb5 h5 20. Nc7 Rc8 21. Bb6 Nxc7 22. Bxc7 Qf6 23. Qd1 g4 24. Bb6 Rxc1 25. Qxc1 g3 26. h3 Qh4 27. Qc7 Bf8 28. Qc2 Bxh3 29. gxh3 Qxh3 30. Bb5 Nh4 31. Bd8 Be7 32. Be8 Bxd8 33. Bxf7+ Kxf7 0-1

[Event "NED-ch U16 op"]
[Site "Borne"]
[Date "2013.08.07"]
[Round "5"]
[White "Roesink, Veron"]
[Black "Heij, Jacco"]
[Result "1-0"]
[WhiteElo "1945"]
[BlackElo "1223"]
[PlyCount "39"]
[EventDate "2013.08.05"]
[EventType "swiss"]
[EventRounds "9"]
[EventCountry "NED"]
[SourceTitle "EXT 2015"]
[Source "ChessBase"]
[SourceDate "2014.11.20"]
[SourceVersion "1"]
[SourceVersionDate "2014.11.20"]
[SourceQuality "1"]

1. e4 c6 2. d4 d5 3. Nd2 dxe4 4. Nxe4 Bf5 5. Ng3 Bg6 6. h4 h6 7. Nf3 Nf6 8. Ne5 Bh7 9. Bc4 e6 10. Qe2 Qc7 11. Bf4 Nd5 12. Nh5 Nxf4 13. Nxf4 Kd8 14. 0-0-0 Bd6 15. Bxe6 Bxe5 16. dxe5+ Ke7 17. Qg4 Kf8 18. Rd6 Qa5 19. Bb3 Qc7 20. Rhd1 1-0

[Event "NED-ch U17"]
[Site "Haarlem"]
[Date "2012.05.05"]
[Round "8"]
[White "Vastenhout, Raimond"]
[Black "Heij, Jacco"]
[Result "1-0"]
[WhiteElo "1686"]
[BlackElo "887"]
[PlyCount "63"]
[EventDate "2012.04.28"]
[EventType "swiss"]
[EventRounds "9"]
[EventCountry "NED"]
[SourceTitle "EXT 2013"]
[Source "ChessBase"]
[SourceDate "2012.11.22"]
[SourceVersion "1"]
[SourceVersionDate "2012.11.22"]
[SourceQuality "1"]

1. e4 e5 2. Nf3 Nc6 3. d4 d6 4. dxe5 Nxe5 5. Nxe5 dxe5 6. Qxd8+ Kxd8 7. Bc4 Nf6 8. Bg5 Ke8 9. Bxf6 gxf6 10. a3 Rg8 11. g3 Bg4 12. Nc3 c6 13. Be2 Be6 14. 0-0-0 Bc5 15. f3 Ke7 16. b4 Bd4 17. Na4 b6 18. Kb1 Bd7 19. f4 c5 20. b5 a6 21. Nxb6 Rab8 22. Nxd7 Kxd7 23. c3 c4 24. cxd4 Rxb5+ 25. Ka2 Ra5 26. dxe5+ Ke7 27. exf6+ Kxf6 28. Bxc4 Rc8 29. Bb3 Rb5 30. Rd5 Rb7 31. Rhd1 Rcc7 32. Rf5+ 1-0

[Event "NED-ch U17"]
[Site "Haarlem"]
[Date "2012.05.04"]
[Round "7"]
[White "Heij, Jacco"]
[Black "Dijkstra, Hidde"]
[Result "0-1"]
[WhiteElo "887"]
[BlackElo "1573"]
[PlyCount "52"]
[EventDate "2012.04.28"]
[EventType "swiss"]
[EventRounds "9"]
[EventCountry "NED"]
[SourceTitle "EXT 2013"]
[Source "ChessBase"]
[SourceDate "2012.11.22"]
[SourceVersion "1"]
[SourceVersionDate "2012.11.22"]
[SourceQuality "1"]

1. e4 e5 2. Nf3 Nc6 3. Bb5 a6 4. Ba4 Nf6 5. d3 b5 6. Bb3 Be7 7. Nc3 0-0 8. 0-0 d6 9. Bd2 Bg4 10. h3 Bh5 11. Be3 Na5 12. Ne2 Nxb3 13. axb3 Bxf3 14. gxf3 Nh5 15. Qd2 f5 16. Ng3 f4 17. Nxh5 fxe3 18. fxe3 Bh4 19. Qg2 g6 20. f4 Kh8 21. Ng3 Qf6 22. Kh1 exf4 23. exf4 Qxb2 24. f5 Bxg3 25. Qxg3 gxf5 26. Rxf5 Qxa1+ 0-1

[Event "NED-ch U17"]
[Site "Haarlem"]
[Date "2012.04.28"]
[Round "1"]
[White "Heij, Jacco"]
[Black "Senders, Mischa"]
[Result "0-1"]
[WhiteElo "887"]
[BlackElo "1895"]
[PlyCount "78"]
[EventDate "2012.04.28"]
[EventType "swiss"]
[EventRounds "9"]
[EventCountry "NED"]
[SourceTitle "EXT 2013"]
[Source "ChessBase"]
[SourceDate "2012.11.22"]
[SourceVersion "1"]
[SourceVersionDate "2012.11.22"]
[SourceQuality "1"]

1. e4 e6 2. d4 d5 3. Nd2 Nf6 4. e5 Nfd7 5. Bd3 c5 6. c3 Nc6 7. Ngf3 Be7 8. 0-0 0-0 9. b3 b6 10. Bb2 cxd4 11. cxd4 Nb4 12. Qe2 Nxd3 13. Qxd3 a5 14. Qc2 Ba6 15. Rfc1 Rc8 16. Qd1 Nb8 17. Rxc8 Qxc8 18. Rc1 Qd7 19. Nb1 Nc6 20. a3 Rc8 21. Qd2 Na7 22. a4 Nc6 23. Bc3 Nb4 24. Ne1 b5 25. Bxb4 Bxb4 26. Rxc8+ Qxc8 27. Qd1 bxa4 28. bxa4 Qc4 29. Nf3 h6 30. h4 Kf8 31. Kh2 Qd3 32. Qxd3 Bxd3 33. Nfd2 Bc2 34. Kg3 Bxa4 35. f4 Bc2 36. Kf3 Bxd2 37. Nxd2 a4 38. Nf1 a3 39. Ne3 Bb3 0-1